Statistiche per Riconosci il Calciatore - Quiz n°834

Clicka qui per fare il quiz!

Statistiche generali

  • Questo quiz è stato fatto 3 volte
  • Il punteggio medio è 14 su 24

Statistiche sulle risposte

IndizioRisposta% Corretto
RuoloDifensore
100%
NazionalitàItalia
100%
Squadra di club 11Livorno 2018-2019
100%
Squadra di club 1Modena 1998-1999
100%
Data di nascita09/06/1979
67%
Squadra di club 5Brescia 2001-2002
67%
Squadra di club 7Brescia 2002-2004
67%
Squadra di club 2Cavese 1999-1999
67%
Squadra di club 10ChievoVerona 2012-2018
67%
Squadra di club 3Fidelis Andria 1999-2000
67%
Squadra di club 8Fiorentina 2004-2010
67%
Squadra di club 9Genoa 2010-2012
67%
Squadra di club 6Hellas Verona 2002-2002
67%
Squadra di club 4Lecce 2000-2001
67%
Gol in nazionale0
33%
Trofei per club0
33%
Trofei per nazionali0
33%
Trofei individuali0
33%
Presenze in nazionale1
33%
Gol nei club13
33%
Altezza191 cm
33%
Presenze nei club551
33%
Peso87 kg
33%
CalciatoreDario Dainelli
33%

Distribuzione punteggi

Percentile per numero di risposta

Percentuale di utenti per punteggio

I tuoi punteggi nel tempo

Non hai fatto questo quiz